| 000 | 00960nam a2200229 i 4500 | ||
|---|---|---|---|
| 001 | 31360 | ||
| 003 | ES-MaACL | ||
| 005 | 20250904002320.0 | ||
| 007 | t| | ||
| 008 | 030129s1960 sp ||||1| spa d | ||
| 100 | 1 |
_aBendicho, Vicente. _927479 |
|
| 245 | 1 | 0 |
_aCrónica de la muy ilustre, noble y leal ciudad de Alicante _b: acabada en la misma ciudad, el año del Señor 1640 / _cVicente Bendicho ; resumida y anotada por Francisco Figueras Pacheco. |
| 260 |
_aAlicante : _bDiputación Provincial de Alicante, _c[1960] |
||
| 300 |
_a212 p. ; _c21 cm. |
||
| 490 | 1 |
_aPublicaciones del Instituto de Estudios Alicantinos ; _v21 |
|
| 651 | 4 |
_aAlicante- _xHistoria. _97681 |
|
| 700 | 1 |
_aFigueras Pacheco, Francisco, _d1880-1960 _950766 |
|
| 710 | 1 |
_aAlicante (Provincia). _bDiputación Provincial. _91336 |
|
| 830 | 0 |
_aPublicaciones del Instituto de Estudios Alicantinos ; _v21 _9182064 |
|
| 852 |
_aES-MaACL _jC-19928 _bR.47180 |
||
| 999 |
_c31360 _d31360 |
||